000 00387pab a2200157 454500
008 180718b1999 xxu||||| |||| 00| 0 eng d
100 _aJaising, Indira
245 _aFrom Mathura to Anjana: slamming the doors of justice on women
260 _c1999
300 _ap.8
362 _a20 Jan
650 _aWomen - India
650 _aWomen
773 _aIndian Express
909 _a40914
999 _c40914
_d40914